000 00950nam a2200277 i 4500
003 DO-SdBNP
005 20250225133057.0
007 ta
008 250220s2004 dr c r 000 0 spa d
040 _aDO-SdBNP
_bspa
_cBNPHU
_erda
082 4 _a338.9
_bE92
_222
100 1 _aEvangelista, Pedro Julio
_eautor
_4aut.
_987007
245 1 3 _aUn país atrapado /
_cPedro Julio Evangelista
250 _aPrimera edición
264 1 _aSanto Domingo :
_bEditora Gráfica Marie,
_c2004.
300 _a205 páginas
_bretratos
_c21 cm.
336 _atexto
_btxt
_2rdacontent
337 _asin mediación
_bn
_2rdamedia
338 _avolumen
_bnc
_2rdacarrier
500 _aIncluye datos biografícos del autora en la contraportada.
590 _aInventariado, 2025/ YL
650 4 _aPolítica económica
_zRepública Dominicana
_910040
651 _aRepública Dominicana
_xCondiciones económicas, 1961
_987008
910 _aYLockward
942 _2ddc
_cLBS1
999 _c58161
_d58161